| 000 | 00921nam a22002537a 4500 | ||
|---|---|---|---|
| 008 | 240608b mp ||||| |||| 00| 0 mon d | ||
| 020 | _a978-9919-517-42-7 | ||
| 035 | _a18478 | ||
| 040 |
_aDU1548031 _bmon _cMN-UlNLM _dMN-UlNLM _erda |
||
| 041 | _amon | ||
| 042 | _a45374 | ||
| 084 |
_2NNA _a87.3 _bТ-594 |
||
| 100 | _aТөрмөнх Б. | ||
| 245 | 0 | _aД.Нацагдорж | |
| 264 |
_aУБ _bАДМОН ПРИНТ ХХК _c2022 |
||
| 300 | _a63 | ||
| 336 |
_2rdacontent _atext _btxt |
||
| 337 |
_2rdamedia _aunmediated _bn |
||
| 338 |
_2rdacarrier _avolume _bnc |
||
| 490 | _aМонгол хүн | ||
| 650 | _aЗохиолч Дашдоржийн Нацагдорж түүний амьдрал, амьдралын замналын талаар хялбаршуулсан зохиол. Цаглавар хялбаршуулсан намтар Дашд... | ||
| 942 |
_2NNA _cBK |
||
| 999 |
_c843267 _d843324 |
||